000
00309nam a2200109Ia 4500
008
171211s9999 xx 000 0 und d
245
4
_a
The Video Game Theory Reader
245
_c
Bernard Perron and Mark J. P. Wolf
260
_c
2003
650
_x
GAMES
856
_u
http://down.ebook777.com/052/0415965799.pdf
999
_c
348965
_d
348965